[Event "Remote Random-184 email"]
[Site "Remote email"]
[Date "2014.08.10"]
[Round "?"]
[White "Fischer, Juergen"]
[Black "Langschmidt, Dirk"]
[Result "0-1"]
[WhiteElo "1736"]
[BlackElo "1960"]
[PlyCount "32"]
[EventDate "2014.??.??"]
[EventType "tourn (corr)"]
[EventRounds "6"]
[EventCountry "GER"]
[SourceTitle "Corr 2015"]
[Source "ChessBase"]
[SourceDate "2015.07.17"]
[SourceVersion "1"]
[SourceVersionDate "2015.07.17"]
[SourceQuality "1"]

1. e4 c5 2. Nf3 d6 3. d4 cxd4 4. Nxd4 Nf6 5. Nc3 a6 6. Be3 e5 7. Nb3 Be6 8. f3 Be7 9. Qd2 0-0 10. 0-0-0 Nbd7 11. g4 b5 12. g5 Nh5 13. Nd5 Bxd5 14. Qxd5 Nb6 15. Qd2 Qc7 16. Rg1 Rac8 0-1

[Event "Remote Random-182 email"]
[Site "Remote email"]
[Date "2014.07.22"]
[Round "?"]
[White "Fischer, Juergen"]
[Black "Langschmidt, Dirk"]
[Result "0-1"]
[WhiteElo "1736"]
[BlackElo "1960"]
[PlyCount "40"]
[EventDate "2014.??.??"]
[EventType "tourn (corr)"]
[EventRounds "12"]
[EventCountry "GER"]
[SourceTitle "Corr 2015"]
[Source "ChessBase"]
[SourceDate "2015.07.17"]
[SourceVersion "1"]
[SourceVersionDate "2015.07.17"]
[SourceQuality "1"]

1. d4 d5 2. c4 e6 3. Nc3 Nf6 4. Bg5 Be7 5. e3 0-0 6. Nf3 h6 7. Bxf6 Bxf6 8. Rc1 c6 9. Bd3 Nd7 10. 0-0 dxc4 11. Bxc4 Qe7 12. e4 e5 13. d5 Nb6 14. Bb3 Rd8 15. h3 Rd6 16. Rc2 Bd7 17. Rd2 Be8 18. Re1 Rad8 19. Ree2 a6 20. a4 Qc7 0-1

[Event "Remote Random-182 email"]
[Site "Remote email"]
[Date "2014.07.22"]
[Round "?"]
[White "Tortoza, Carlos Alberto"]
[Black "Fischer, Juergen"]
[Result "0-1"]
[WhiteElo "1632"]
[BlackElo "1736"]
[PlyCount "60"]
[EventDate "2014.??.??"]
[EventType "tourn (corr)"]
[EventRounds "12"]
[EventCountry "GER"]
[SourceTitle "Corr 2015"]
[Source "ChessBase"]
[SourceDate "2015.07.17"]
[SourceVersion "1"]
[SourceVersionDate "2015.07.17"]
[SourceQuality "1"]

1. d4 d5 2. c4 e6 3. Nc3 Nf6 4. Bg5 Be7 5. e3 0-0 6. Nf3 h6 7. Bxf6 Bxf6 8. Rc1 c6 9. Bd3 Nd7 10. 0-0 dxc4 11. Bxc4 Nb6 12. Bb3 Nd5 13. a3 a6 14. Nxd5 exd5 15. Ne5 Be6 16. Qh5 a5 17. f4 a4 18. Bc2 Qc8 19. Ng6 fxg6 20. Bxg6 Bf7 21. f5 Qe8 22. Rf4 Qxe3+ 23. Kf1 Qxc1+ 24. Kf2 Qxf4+ 25. Ke2 Rae8+ 26. Kd1 Qxd4+ 27. Kc2 Qxb2+ 28. Kd1 Qb1+ 29. Kd2 Qe1+ 30. Kc2 Qc3+ 0-1

[Event "Remote Random-181 email"]
[Site "Remote email"]
[Date "2014.07.07"]
[Round "?"]
[White "Tortoza, Carlos Alberto"]
[Black "Fischer, Juergen"]
[Result "0-1"]
[WhiteElo "1632"]
[BlackElo "1736"]
[PlyCount "74"]
[EventDate "2014.??.??"]
[EventType "tourn (corr)"]
[EventRounds "7"]
[EventCountry "GER"]
[SourceTitle "Corr 2015"]
[Source "ChessBase"]
[SourceDate "2015.07.17"]
[SourceVersion "1"]
[SourceVersionDate "2015.07.17"]
[SourceQuality "1"]

1. e4 c5 2. Nf3 Nc6 3. d4 cxd4 4. Nxd4 g6 5. Nxc6 bxc6 6. Bc4 e6 7. 0-0 d6 8. Qd4 Nf6 9. Bg5 Bg7 10. e5 dxe5 11. Qxe5 0-0 12. c3 Qe7 13. Nd2 h6 14. Bh4 a5 15. Ne4 Nxe4 16. Qxe4 Qc5 17. Qf3 Qxc4 18. Be7 Re8 19. Bf6 Qd5 20. Bxg7 Qxf3 21. gxf3 Kxg7 22. a4 Rd8 23. f4 Ba6 24. Rfd1 Rd5 25. Kg2 Rad8 26. Re1 c5 27. Rac1 Bb7 28. Kg3 Kf6 29. h4 g5 30. fxg5+ hxg5 31. f4 Rd3+ 32. Kg4 Bf3+ 33. Kh3 g4+ 34. Kg3 Be2+ 35. Kf2 Bf3 36. Re5 Rd2+ 37. Kg3 Rg2# 0-1

[Event "Remote S7E Easy email"]
[Site "Remote email"]
[Date "2014.05.31"]
[Round "?"]
[White "Henkel, Phil"]
[Black "Fischer, Juergen"]
[Result "1-0"]
[WhiteElo "1996"]
[BlackElo "1713"]
[PlyCount "65"]
[EventDate "2014.??.??"]
[EventType "tourn (corr)"]
[EventRounds "6"]
[EventCountry "GER"]
[SourceTitle "Corr 2015"]
[Source "ChessBase"]
[SourceDate "2015.07.17"]
[SourceVersion "1"]
[SourceVersionDate "2015.07.17"]
[SourceQuality "1"]

1. c4 g6 2. Nc3 Bg7 3. d4 c5 4. Nf3 Nf6 5. d5 d6 6. e4 Nbd7 7. Be2 0-0 8. 0-0 a6 9. h3 Re8 10. Nh4 Ne5 11. f4 Ned7 12. f5 Ne5 13. fxg6 fxg6 14. Rb1 b6 15. Bf4 Bd7 16. Bxe5 dxe5 17. b4 Rb8 18. b5 axb5 19. cxb5 Rf8 20. Nf3 Nh5 21. Bc4 Kh8 22. Ne2 Nf4 23. Nxf4 Rxf4 24. Ng5 Rxf1+ 25. Qxf1 Qf8 26. Nf7+ Kg8 27. d6 e6 28. Ng5 Qxd6 29. Rd1 Qe7 30. Rxd7 Qf6 31. Bxe6+ Kh8 32. Qxf6 Bxf6 33. Rxh7# 1-0

[Event "Remote Easter Gr.A email"]
[Site "Remote email"]
[Date "2014.05.01"]
[Round "?"]
[White "Fischer, Juergen"]
[Black "Tortoza, Carlos Alberto"]
[Result "1-0"]
[WhiteElo "1736"]
[BlackElo "1632"]
[PlyCount "101"]
[EventDate "2014.??.??"]
[EventType "tourn (corr)"]
[EventRounds "8"]
[EventCountry "GER"]
[SourceTitle "Corr 2015"]
[Source "ChessBase"]
[SourceDate "2015.07.17"]
[SourceVersion "1"]
[SourceVersionDate "2015.07.17"]
[SourceQuality "1"]

1. f4 d5 2. Nf3 Nc6 3. e3 Bf5 4. Nc3 Nf6 5. a3 Qd6 6. d3 d4 7. Ne2 e6 8. c3 dxe3 9. Bxe3 Be7 10. d4 Ng4 11. Qd2 Na5 12. Qd1 Nxe3 13. Qa4+ Nc6 14. b4 Nc2+ 15. Kf2 Nxa1 16. Nh4 Bd3 17. Qd1 Bxe2 18. Bxe2 Qxf4+ 19. Nf3 Bh4+ 20. g3 Bxg3+ 21. hxg3 Qf6 22. Qxa1 0-0 23. Bd3 g6 24. Qe1 a6 25. Kg2 Ne7 26. Qe2 Rae8 27. Rf1 Nd5 28. Qe5 Qd8 29. Qe1 f6 30. a4 f5 31. c4 Nf6 32. c5 Nd5 33. b5 axb5 34. axb5 Qf6 35. Ne5 Rd8 36. c6 b6 37. Nd7 Qe7 38. Nxf8 Kxf8 39. Bc2 Nf6 40. Bb3 Ne4 41. Qe3 Kg7 42. Bc2 Rd5 43. Rh1 h5 44. Bxe4 fxe4 45. Qxe4 Rxb5 46. d5 Rxd5 47. Kh3 Qd6 48. Re1 Qxc6 49. Qxe6 Rd6 50. Qe7+ Kh6 51. Qf8+ 1-0

[Event "Remote Easter Gr.A email"]
[Site "Remote email"]
[Date "2014.05.01"]
[Round "?"]
[White "Franken, Paul"]
[Black "Fischer, Juergen"]
[Result "1-0"]
[WhiteElo "2334"]
[BlackElo "1736"]
[PlyCount "71"]
[EventDate "2014.??.??"]
[EventType "tourn (corr)"]
[EventRounds "8"]
[EventCountry "GER"]
[SourceTitle "Corr 2015"]
[Source "ChessBase"]
[SourceDate "2015.07.17"]
[SourceVersion "1"]
[SourceVersionDate "2015.07.17"]
[SourceQuality "1"]

1. Nc3 c5 2. Nf3 Nc6 3. e4 d6 4. d4 cxd4 5. Nxd4 Nf6 6. Bg5 e5 7. Bxf6 Qxf6 8. Nd5 Qg6 9. Nf5 Bxf5 10. exf5 Qxf5 11. Nc7+ Kd7 12. Nxa8 Be7 13. Be2 Qe6 14. 0-0 g6 15. Bf3 Rxa8 16. Bd5 Qf6 17. c3 b6 18. Qg4+ Kc7 19. Qc4 Rc8 20. Qxc6+ Kd8 21. Qb7 Rc5 22. Qa8+ Rc8 23. Qxa7 b5 24. Qb6+ Rc7 25. Qxb5 Qf5 26. f4 exf4 27. Rae1 Rc5 28. Qb6+ Rc7 29. Rxe7 Kxe7 30. Qxc7+ Kf6 31. Qxd6+ Kg7 32. Rxf4 Qb1+ 33. Rf1 Qxb2 34. Qf6+ Kh6 35. Qh4+ Kg7 36. Rxf7+ 1-0

[Event "Remote Easter Gr.A email"]
[Site "Remote email"]
[Date "2014.05.01"]
[Round "?"]
[White "Knittel, Martin"]
[Black "Fischer, Juergen"]
[Result "1-0"]
[WhiteElo "2000"]
[BlackElo "1713"]
[PlyCount "47"]
[EventDate "2014.??.??"]
[EventType "tourn (corr)"]
[EventRounds "8"]
[EventCountry "GER"]
[SourceTitle "Corr 2015"]
[Source "ChessBase"]
[SourceDate "2015.07.17"]
[SourceVersion "1"]
[SourceVersionDate "2015.07.17"]
[SourceQuality "1"]

1. d4 d5 2. c4 e6 3. Nf3 Nf6 4. Nc3 Be7 5. Bg5 c6 6. e3 Nbd7 7. Bd3 0-0 8. 0-0 Ng4 9. Bxe7 Qxe7 10. Qc2 g6 11. Rac1 b6 12. cxd5 exd5 13. Rfe1 Ndf6 14. h3 Nh6 15. e4 Nd7 16. exd5 Qd6 17. dxc6 Qxc6 18. Be4 Qf6 19. Bxa8 Nf5 20. Nd5 Qg7 21. Qc7 g5 22. Qxa7 f6 23. g4 b5 24. gxf5 1-0

[Event "Remote Easter Gr.A email"]
[Site "Remote email"]
[Date "2014.05.01"]
[Round "?"]
[White "Neumann, Andreas"]
[Black "Fischer, Juergen"]
[Result "1-0"]
[WhiteElo "2157"]
[BlackElo "1736"]
[PlyCount "93"]
[EventDate "2014.??.??"]
[EventType "tourn (corr)"]
[EventRounds "8"]
[EventCountry "GER"]
[SourceTitle "Corr 2015"]
[Source "ChessBase"]
[SourceDate "2015.07.17"]
[SourceVersion "1"]
[SourceVersionDate "2015.07.17"]
[SourceQuality "1"]

1. e4 e5 2. Nf3 Nc6 3. Bb5 Nf6 4. d3 Be7 5. Bxc6 bxc6 6. Nxe5 0-0 7. 0-0 Bb7 8. Re1 d6 9. Nf3 c5 10. Nc3 a6 11. b3 Qd7 12. h3 Bc6 13. d4 cxd4 14. Qxd4 Rfe8 15. Bb2 Rad8 16. Nd5 Bxd5 17. exd5 Qf5 18. c4 h6 19. Qa7 Qc8 20. Nd4 Rd7 21. Nc6 Bd8 22. Rxe8+ Nxe8 23. Qb8 Qxb8 24. Nxb8 Re7 25. Kf1 Re4 26. Nxa6 Bf6 27. Bxf6 gxf6 28. a4 f5 29. a5 f4 30. Nb8 c5 31. a6 Nc7 32. Nd7 Kg7 33. Ra5 Rd4 34. Ke2 Re4+ 35. Kf3 Rd4 36. a7 Kg6 37. Ra6 Kf5 38. Rxd6 Rd3+ 39. Ke2 Rxb3 40. Rf6+ Ke4 41. Nxc5+ Kd4 42. Nxb3+ Kxc4 43. Rc6+ Kxb3 44. Rxc7 f5 45. a8R f3+ 46. Kxf3 Kb4 47. Rb8+ 1-0

[Event "Remote S7E Easy-189 email"]
[Site "Remote email"]
[Date "2014.04.02"]
[Round "?"]
[White "Maier, Ralf"]
[Black "Fischer, Juergen"]
[Result "1-0"]
[WhiteElo "1958"]
[BlackElo "1736"]
[PlyCount "83"]
[EventDate "2014.??.??"]
[EventType "tourn (corr)"]
[EventRounds "6"]
[EventCountry "GER"]
[SourceTitle "Corr 2015"]
[Source "ChessBase"]
[SourceDate "2015.07.17"]
[SourceVersion "1"]
[SourceVersionDate "2015.07.17"]
[SourceQuality "1"]

1. d4 d5 2. c4 e6 3. Nf3 Nc6 4. cxd5 exd5 5. Nc3 Nf6 6. Bg5 Be7 7. g3 Be6 8. Bg2 Qd7 9. 0-0 0-0-0 10. Ne5 Nxe5 11. dxe5 Ne4 12. Nxe4 dxe4 13. Qxd7+ Rxd7 14. Bxe7 Rxe7 15. Bxe4 c6 16. a4 g6 17. b4 Bc4 18. b5 c5 19. Rfc1 Bxe2 20. Rxc5+ Rc7 21. Rac1 Rxc5 22. Rxc5+ Kd7 23. Bxb7 Rb8 24. Bd5 h6 25. Bxf7 g5 26. Kg2 a6 27. Rc2 axb5 28. Rxe2 bxa4 29. f4 gxf4 30. gxf4 Ke7 31. Ba2 a3 32. f5 Rb2 33. Rxb2 axb2 34. f6+ Kf8 35. e6 h5 36. Kg3 Ke8 37. Kh4 Kf8 38. Kxh5 b1Q 39. Bxb1 Ke8 40. Bg6+ Kf8 41. e7+ Kg8 42. e8R# 1-0

[Event "Remote S7E Easy email"]
[Site "Remote email"]
[Date "2014.02.26"]
[Round "?"]
[White "Fischer, Juergen"]
[Black "Grimm, Wolfgang"]
[Result "0-1"]
[WhiteElo "1713"]
[BlackElo "1903"]
[PlyCount "46"]
[EventDate "2014.??.??"]
[EventType "tourn (corr)"]
[EventRounds "6"]
[EventCountry "GER"]
[SourceTitle "Corr 2015"]
[Source "ChessBase"]
[SourceDate "2015.07.17"]
[SourceVersion "1"]
[SourceVersionDate "2015.07.17"]
[SourceQuality "1"]

1. d4 d5 2. c4 dxc4 3. Qa4+ Bd7 4. Qxc4 b5 5. Qd3 Nc6 6. e4 e6 7. Nf3 Nf6 8. e5 Nd5 9. Be2 Be7 10. Nc3 Ncb4 11. Qd2 Nf4 12. 0-0 Nxe2+ 13. Qxe2 a6 14. a3 Nd5 15. Bd2 Nxc3 16. bxc3 Bc6 17. Rfe1 0-0 18. Qd3 Bd5 19. Be3 Bxf3 20. gxf3 c5 21. Qd2 Qd5 22. f4 cxd4 23. cxd4 a5 0-1

[Event "Remote S7E Easy-187 email"]
[Site "Remote email"]
[Date "2014.02.26"]
[Round "?"]
[White "Henkel, Phil"]
[Black "Fischer, Juergen"]
[Result "1-0"]
[WhiteElo "1903"]
[BlackElo "1679"]
[PlyCount "65"]
[EventDate "2014.??.??"]
[EventType "tourn (corr)"]
[EventRounds "6"]
[EventCountry "GER"]
[SourceTitle "Corr 2015"]
[Source "ChessBase"]
[SourceDate "2015.07.17"]
[SourceVersion "1"]
[SourceVersionDate "2015.07.17"]
[SourceQuality "1"]

1. c4 f5 2. Nc3 Nf6 3. d4 d5 4. cxd5 Nxd5 5. Nf3 Nc6 6. e3 Nxc3 7. bxc3 e6 8. Bd3 b6 9. Bb5 Bd7 10. 0-0 Qe7 11. Qa4 Nb8 12. Ne5 Bxb5 13. Qxb5+ c6 14. Qa4 Qb7 15. c4 Be7 16. Ba3 0-0 17. Bxe7 Qxe7 18. Rab1 Qb7 19. c5 b5 20. Qb3 a6 21. Qxe6+ Kh8 22. f4 g6 23. Rf3 Kg7 24. Rg3 Rf6 25. Qb3 Nd7 26. h4 Nxe5 27. fxe5 Rff8 28. h5 Qf7 29. hxg6 Qxb3 30. gxh7+ Kxh7 31. axb3 Kh6 32. Kf2 f4 33. Rh1# 1-0

[Event "Remote-ch Gr.B email"]
[Site "Remote email"]
[Date "2014.02.01"]
[Round "?"]
[White "Langschmidt, Dirk"]
[Black "Fischer, Juergen"]
[Result "1-0"]
[WhiteElo "1980"]
[BlackElo "1679"]
[PlyCount "61"]
[EventDate "2014.??.??"]
[EventType "tourn (corr)"]
[EventRounds "7"]
[EventCountry "GER"]
[SourceTitle "Corr 2015"]
[Source "ChessBase"]
[SourceDate "2015.07.17"]
[SourceVersion "1"]
[SourceVersionDate "2015.07.17"]
[SourceQuality "1"]

1. e4 c5 2. Nf3 Nc6 3. d4 cxd4 4. Nxd4 Nf6 5. Nc3 e5 6. Ndb5 a6 7. Nd6+ Bxd6 8. Qxd6 Qe7 9. Qc7 0-0 10. Bg5 Nd4 11. 0-0-0 Qe6 12. Bc4 Qc6 13. Qxe5 Qxc4 14. Rxd4 Qe6 15. Bxf6 Qxf6 16. Qxf6 gxf6 17. Nd5 Rb8 18. Nb6 Rd8 19. Rhd1 a5 20. Nxc8 Rdxc8 21. Rxd7 Kg7 22. R1d5 Re8 23. Rxa5 Rxe4 24. Ra7 Re1+ 25. Kd2 Ree8 26. Raxb7 Rxb7 27. Rxb7 Rd8+ 28. Ke3 f5 29. a4 Kg6 30. a5 Ra8 31. b4 1-0

[Event "Remote S7E Easy-184 email"]
[Site "Remote email"]
[Date "2014.01.21"]
[Round "?"]
[White "Henkel, Phil"]
[Black "Fischer, Juergen"]
[Result "1-0"]
[WhiteElo "1903"]
[BlackElo "1679"]
[PlyCount "29"]
[EventDate "2014.??.??"]
[EventType "tourn (corr)"]
[EventRounds "6"]
[EventCountry "GER"]
[SourceTitle "Corr 2015"]
[Source "ChessBase"]
[SourceDate "2015.07.17"]
[SourceVersion "1"]
[SourceVersionDate "2015.07.17"]
[SourceQuality "1"]

1. c4 f5 2. Nc3 Nf6 3. d4 c6 4. Nf3 d6 5. Bg5 Be6 6. e3 d5 7. cxd5 cxd5 8. Ne5 Nbd7 9. Bb5 Qc7 10. Rc1 Qd6 11. Bxf6 gxf6 12. Qh5+ Kd8 13. Bxd7 fxe5 14. Qe8+ Kc7 15. Nxd5# 1-0

[Event "Remote email"]
[Site "Remote email"]
[Date "2013.12.27"]
[Round "?"]
[White "Fischer, Juergen"]
[Black "Klein, Werner"]
[Result "0-1"]
[WhiteElo "1679"]
[BlackElo "1671"]
[PlyCount "80"]
[EventDate "2013.??.??"]
[EventType "tourn (corr)"]
[EventRounds "6"]
[EventCountry "GER"]
[SourceTitle "Corr 2015"]
[Source "ChessBase"]
[SourceDate "2015.07.17"]
[SourceVersion "1"]
[SourceVersionDate "2015.07.17"]
[SourceQuality "1"]

1. g3 d5 2. d4 Nf6 3. Bg2 c6 4. Bf4 g6 5. Nf3 Bg7 6. 0-0 0-0 7. h3 Bf5 8. Nc3 Ne4 9. Be5 f6 10. Bf4 Nd7 11. Re1 e5 12. Be3 Nb6 13. b3 Nxc3 14. Qd2 Ne4 15. Qc1 Nd7 16. Nd2 b6 17. a3 c5 18. c4 dxc4 19. Qxc4+ Kh8 20. d5 Nd6 21. Qc1 g5 22. f4 h6 23. a4 Re8 24. Nc4 Nxc4 25. bxc4 Rb8 26. Qb2 Bg6 27. Red1 exf4 28. gxf4 Rxe3 29. Qd2 Rb3 30. e4 Qe8 31. f5 Bh5 32. Re1 Ne5 33. Rab1 Rd3 34. Qa2 Rd4 35. a5 Nxc4 36. axb6 axb6 37. d6 Nxd6 38. Qe6 Qxe6 39. fxe6 Bg6 40. e7 Be8 0-1

[Event "Remote S5E No Engine-254 email"]
[Site "Remote email"]
[Date "2013.12.18"]
[Round "?"]
[White "Fischer, Juergen"]
[Black "Pirs, Matjaz"]
[Result "0-1"]
[WhiteElo "1679"]
[BlackElo "2506"]
[PlyCount "78"]
[EventDate "2013.??.??"]
[EventType "tourn (corr)"]
[EventRounds "4"]
[EventCountry "GER"]
[SourceTitle "Corr 2015"]
[Source "ChessBase"]
[SourceDate "2015.07.17"]
[SourceVersion "1"]
[SourceVersionDate "2015.07.17"]
[SourceQuality "1"]

1. g3 c5 2. Bg2 Nc6 3. c3 e5 4. e4 g6 5. Nf3 Bg7 6. d3 Nge7 7. Be3 b6 8. 0-0 d5 9. Nbd2 d4 10. cxd4 cxd4 11. Bg5 f6 12. Bh4 g5 13. Bxg5 fxg5 14. Nxg5 0-0 15. Qb3+ Kh8 16. Nf7+ Rxf7 17. Qxf7 Ba6 18. Qf3 Nb4 19. Rfc1 Nxd3 20. Rc2 Nb4 21. Rcc1 Nd3 22. Rc2 Qd6 23. Nc4 Bxc4 24. Rxc4 Nxb2 25. Rc2 Na4 26. Rd2 Rf8 27. Qe2 Nc3 28. Qe1 Bh6 29. Rd3 Qc5 30. a4 Nc6 31. f3 Na5 32. h3 Nb3 33. h4 Nxa1 34. g4 Nc2 35. Qf1 Ne3 36. Qf2 Nxg2 37. g5 Nf4 38. gxh6 Nxd3 39. Qg3 Ne2+ 0-1

[Event "Remote S7E Easy-181 email"]
[Site "Remote email"]
[Date "2013.12.11"]
[Round "?"]
[White "Strohmeier, Josef"]
[Black "Fischer, Juergen"]
[Result "0-1"]
[WhiteElo "1893"]
[BlackElo "1736"]
[PlyCount "82"]
[EventDate "2013.??.??"]
[EventType "tourn (corr)"]
[EventRounds "6"]
[EventCountry "GER"]
[SourceTitle "Corr 2015"]
[Source "ChessBase"]
[SourceDate "2015.07.17"]
[SourceVersion "1"]
[SourceVersionDate "2015.07.17"]
[SourceQuality "1"]

1. e4 e5 2. Nf3 Nc6 3. Bb5 a6 4. Ba4 Nf6 5. 0-0 Bc5 6. c3 Nxe4 7. d4 0-0 8. dxc5 Nxc5 9. Bxc6 bxc6 10. Nxe5 h6 11. Be3 Ne6 12. Na3 Bb7 13. Nc2 d5 14. Qg4 Qe7 15. Rfe1 Kh7 16. Bd2 Rad8 17. Qf5+ g6 18. Qh3 h5 19. Nf3 Bc8 20. Qg3 f6 21. Ncd4 Rd6 22. Nxc6 Rxc6 23. Nd4 Rb6 24. b3 Qf7 25. Nc2 c5 26. Qe3 d4 27. cxd4 cxd4 28. Nxd4 Nxd4 29. Qxd4 Re6 30. Qf4 g5 31. Qf3 h4 32. h3 Rfe8 33. Rxe6 Rxe6 34. Bxg5 f5 35. Bxh4 Bb7 36. Qd3 Kg6 37. a4 Qg7 38. g4 Qxa1+ 39. Kh2 Qe5+ 40. Bg3 Qd5 41. Qc2 Qg2# 0-1

[Event "Remote S7E Easy-179 email"]
[Site "Remote email"]
[Date "2013.11.26"]
[Round "?"]
[White "Fischer, Juergen"]
[Black "Biskopp, Wolf Ulrich"]
[Result "0-1"]
[WhiteElo "1679"]
[BlackElo "2309"]
[PlyCount "60"]
[EventDate "2013.??.??"]
[EventType "tourn (corr)"]
[EventRounds "6"]
[EventCountry "GER"]
[SourceTitle "Corr 2015"]
[Source "ChessBase"]
[SourceDate "2015.07.17"]
[SourceVersion "1"]
[SourceVersionDate "2015.07.17"]
[SourceQuality "1"]

1. e4 c5 2. c3 e5 3. Nf3 Nc6 4. Bc4 Nf6 5. Ng5 d5 6. Bd3 d4 7. Bc4 Be6 8. Bxe6 fxe6 9. Nxe6 Qd7 10. Nxf8 Rxf8 11. h3 Nxe4 12. 0-0 0-0-0 13. d3 dxc3 14. bxc3 Qxd3 15. Qg4+ Kb8 16. Be3 h5 17. Qxh5 Ng3 18. Qd1 Ne2+ 19. Kh2 Qxd1 20. Rxd1 Rxd1 21. Bxc5 Rf4 22. Be3 Rf7 23. a4 Nxc3 24. a5 Rxb1 25. Ra3 Nd1 26. Bc5 Nxf2 27. Rf3 Rh1+ 28. Kg3 Ne4+ 29. Kg4 Rxf3 30. Kxf3 Nxc5 0-1